[Event "Bucharest Autumn Cup GM"]
[Site "Bucharest"]
[Date "2000.11.28"]
[Round "8"]
[White "Badea, Bela"]
[Black "Florean, Andrei"]
[Result "1-0"]
[WhiteElo "2480"]
[BlackElo "2441"]
[PlyCount "158"]
[EventDate "2000.11.04"]
[EventType "tourn"]
[EventRounds "13"]
[EventCountry "ROU"]
[EventCategory "7"]
[SourceTitle "CBM 079 Extra"]
[Source "ChessBase"]
[SourceDate "2001.01.11"]
[SourceVersion "2"]
[SourceVersionDate "2001.01.25"]
[SourceQuality "1"]

1. Nf3 d6 2. d4 Nf6 3. Nc3 g6 4. e4 Bg7 5. Be2 c6 6. 0-0 0-0 7. Re1 Qc7 8. e5 dxe5 9. Nxe5 Bf5 10. Bf4 Qd8 11. Bf3 Nbd7 12. h3 Nxe5 13. Bxe5 Re8 14. Qe2 Bh6 15. Rad1 Be6 16. a3 Rc8 17. Bxf6 exf6 18. d5 Bd7 19. Qd3 Rxe1+ 20. Rxe1 Bf5 21. Be4 Bxe4 22. Rxe4 f5 23. Re2 Bf8 24. Rd2 Qd6 25. Qe2 h5 26. dxc6 Qxc6 27. Nd5 Qe6 28. Qd1 Kh8 29. Re2 Qd6 30. Qd3 a6 31. a4 Bg7 32. b3 Kh7 33. Re1 Rd8 34. Rb1 Re8 35. h4 Qe5 36. c4 Bh6 37. Rd1 Bg7 38. g3 Qb8 39. Qf3 Qe5 40. Nf4 Qc7 41. Kg2 Re5 42. Rd5 Re1 43. Rd1 Re5 44. Rd3 a5 45. Qd1 Qc6+ 46. Kh2 Qb6 47. Nh3 Bh6 48. Rd7 Kg8 49. Rd6 Qc5 50. Rd8+ Kh7 51. Qd7 Re7 52. Qd5 Qb6 53. c5 Qf6 54. Qd6 Re6 55. Qd4 Qxd4 56. Rxd4 Re7 57. Rd5 Rc7 58. Ng5+ Bxg5 59. hxg5 Kg7 60. Kg2 f6 61. f4 Kf7 62. Kf3 fxg5 63. fxg5 Ke6 64. Rd6+ Ke5 65. Rxg6 Rxc5 66. Rb6 Rc3+ 67. Kf2 f4 68. Rb5+ Ke4 69. gxf4 Kxf4 70. g6 Rf3+ 71. Ke2 Rg3 72. Rxh5 Rxg6 73. Kd3 b6 74. Rd5 Rc6 75. Kd4 Kf3 76. Re5 Kf4 77. Rh5 Rd6+ 78. Kc4 Ke4 79. Rh4+ Ke3 1-0

[Event "Bucharest Autumn Cup GM"]
[Site "Bucharest"]
[Date "2000.11.21"]
[Round "2"]
[White "Parligras, Mircea Emilian"]
[Black "Florean, Andrei"]
[Result "0-1"]
[WhiteElo "2441"]
[BlackElo "2441"]
[PlyCount "126"]
[EventDate "2000.11.04"]
[EventType "tourn"]
[EventRounds "13"]
[EventCountry "ROU"]
[EventCategory "7"]
[SourceTitle "CBM 079 Extra"]
[Source "ChessBase"]
[SourceDate "2001.01.11"]
[SourceVersion "2"]
[SourceVersionDate "2001.01.25"]
[SourceQuality "1"]

1. e4 c5 2. Nf3 d6 3. d4 cxd4 4. Nxd4 Nf6 5. Nc3 a6 6. Be3 e5 7. Nb3 Be6 8. f4 exf4 9. Bxf4 Nc6 10. Qd2 d5 11. 0-0-0 Bb4 12. Qd3 Bxc3 13. Qxc3 0-0 14. exd5 Nxd5 15. Qg3 Ncb4 16. Bd6 Qc8 17. Bd3 Nxd3+ 18. Rxd3 Re8 19. Re1 Qc4 20. Rd4 Qc6 21. Rde4 Rad8 22. Be5 f6 23. Nd4 Qd7 24. Nxe6 Rxe6 25. Bd4 Rxe4 26. Rxe4 Qf5 27. Qe1 h5 28. a3 Kh7 29. Kb1 Rc8 30. h3 b5 31. g4 hxg4 32. hxg4 Qf3 33. g5 fxg5 34. Re5 Qg2 35. Qd1 Nf6 36. Re6 Rc6 37. Qd3+ Kg8 38. Qb3 Kh7 39. Qd3+ Kg8 40. Qb3 Kh7 41. Qd3+ Kg8 42. Qb3 Qf1+ 43. Ka2 Rxe6 44. Qxe6+ Kh7 45. b3 Qf4 46. Be3 Qe4 47. Qxe4+ Nxe4 48. Kb2 Kg6 49. c4 bxc4 50. bxc4 Kf5 51. Kb3 Ke6 52. Kb4 Kd6 53. Ka5 Kc6 54. Kxa6 g4 55. Ka5 g3 56. Kb4 g2 57. c5 Nd2 58. Kc3 Nf3 59. Kd3 g1Q 60. Bxg1 Nxg1 61. Ke4 Ne2 62. Kf5 Nd4+ 63. Kg6 Ne6 0-1

[Event "Pardubice KB op"]
[Site "Pardubice"]
[Date "2000.07.28"]
[Round "8"]
[White "Florean, Andrei"]
[Black "Dochev, Dimitar"]
[Result "0-1"]
[WhiteElo "2441"]
[BlackElo "2335"]
[PlyCount "56"]
[EventDate "2000.07.21"]
[EventType "swiss"]
[EventRounds "9"]
[EventCountry "CZE"]
[SourceTitle "EXT 2001"]
[Source "ChessBase"]
[SourceDate "2000.11.22"]
[SourceVersion "1"]
[SourceVersionDate "2000.11.22"]
[SourceQuality "1"]

1. d4 Nf6 2. c4 g6 3. Nc3 Bg7 4. e4 d6 5. Nf3 0-0 6. Be3 e5 7. d5 Na6 8. h3 Nh5 9. Nd2 Qe8 10. Nb3 f5 11. c5 f4 12. Bd2 Nxc5 13. Nxc5 dxc5 14. b4 Nf6 15. bxc5 Qe7 16. Rc1 Qxc5 17. Nb5 Qb6 18. Qc2 Bd7 19. Rb1 Nxe4 20. Qxe4 Bf5 21. Qb4 Bxb1 22. Qxb1 e4 23. Bc4 a6 24. Na3 e3 25. fxe3 fxe3 26. Bb4 Rf2 27. d6+ Kh8 28. dxc7 Rb2 0-1